Analýza zdravotnej politiky v SR bakalárska práca

Salvato in:
Dettagli Bibliografici
Autore principale: Bátora, Andrej
Ente Autore: Národohospodárska fakulta EU. Katedra ekonómie
Altri autori: Pobudová, Daniela, 1982-
Natura: Libro
Lingua:slovacco
Pubblicazione: Bratislava 2020
Tags: Aggiungi Tag
Nessun Tag, puoi essere il primo ad aggiungerne!!

MARC

LEADER 00000nbm a2200000 4500
001 0265494
005 20200922084355.2
041 0 |a slo 
044 |a SK 
245 1 0 |a Analýza zdravotnej politiky v SR  |b bakalárska práca  |c Andrej Bátora ; školiteľ: Daniela Pobudová 
264 1 |a Bratislava  |c 2020 
300 |a 50 s. 
100 1 |a Bátora, Andrej 
700 1 |a Pobudová, Daniela, 1982- 
710 2 |a Národohospodárska fakulta EU. Katedra ekonómie